Statistics for Spiderman Villains

Click here to take the quiz!

General Stats

  • This quiz has been taken 215 times
  • The average score is 20 of 71

Answer Stats

Answer% Correct
Green Goblin
97%
Venom
96%
Doctor Octopus
89%
Electro
86%
Carnage
85%
Rhino
85%
Sandman
85%
Vulture
85%
Lizard
79%
Mysterio
79%
Hobgoblin
77%
Kingpin
76%
Shocker
74%
Scorpion
68%
Kraven The Hunter
66%
Black Cat
61%
Chameleon
55%
Hydro-Man
46%
Morbius
46%
Hammerhead
44%
Jackal
42%
Tombstone
39%
Molten Man
27%
Tinkerer
27%
Prowler
26%
Beetle
22%
Mister Negative
22%
Silver Sable
20%
Silvermane
18%
Doctor Doom
15%
Speed Demon
15%
Spider Slayer
15%
Spot
14%
Toxin
13%
Demogoblin
12%
Big Wheel
11%
Puma
11%
Tarantula
11%
Boomerang
8%
Juggernaut
8%
Morlun
8%
Shriek
8%
Swarm
8%
Carrion
7%
Vermin
7%
Will O'The Wisp
7%
Stilt-Man
6%
Alistair Smythe
5%
Norman Osborn
5%
Rocket Racer
5%
Black Tarantula
4%
Calypso
4%
Mendel Stromm
4%
Gog
3%
Living Brain
3%
Looter
3%
Mindworm
3%
Sin-Eater
3%
Spidercide
3%
Cardiac
2%
Eddie Brock
2%
Jack O'Lartern
2%
John Jameson
2%
Richard Fisk
2%
Roderick Kingsley
2%
Scorcher
2%
Stegron
2%
White Rabbit
2%
Abner Jenkins
1%
Kain Parker
0%
Shathra
0%

Score Distribution

Percentile by Number Answered

Percent of People with Each Score

Your Score History

You have not taken this quiz